000 00462nam a22001697a 4500
003 OSt
005 20260413022834.0
008 260413b |||||||| |||| 00| 0 eng d
020 _a0-515-11230-5.
040 _aDWC-Main lib.
_cOC
082 _aFic. C855l 1993
100 _aCoulter, Catherine
245 _aLord of hawkfell island/
_cCatherine Coulter
260 _aNew York :
_bJoves Books,
_cc1993.
650 _a1. Fiction.
942 _2ddc
_cFIC.
_hFic.
_n0
999 _c9370
_d9370